书目信息 |
| 题名: |
Linux基础及应用
|
|
| 作者: | 谢蓉 编著 | |
| 分册: | ||
| 出版信息: | 北京 中国铁道出版社 2017 |
|
| 页数: | 224页 | |
| 开本: | 26cm | |
| 丛书名: | ||
| 单 册: | ||
| 中图分类: | TP316.85 , TP316.89 | |
| 科图分类: | ||
| 主题词: | Linux操作系统--linux cao zuo xi tong--高等学校--教材 | |
| 电子资源: | ||
| ISBN: | 978-7-113-18548-0 | |
| 000 | 01041nam0 2200289 45 | |
| 001 | 012001002499 | |
| 005 | 20191121141601.15 | |
| 010 | @a978-7-113-18548-0@dCNY30.00 | |
| 099 | @aCAL 012014131605 | |
| 100 | @a20140722d2014 em y0chiy50 ea | |
| 101 | 0 | @achi |
| 102 | @aCN@b110000 | |
| 105 | @aak a 000yy | |
| 106 | @ar | |
| 200 | 1 | @aLinux基础及应用@Alinux ji chu ji ying yong@f谢蓉编著 |
| 205 | @a第2版 | |
| 210 | @a北京@c中国铁道出版社@d2017 | |
| 215 | @a224页@c图@d26cm | |
| 320 | @a有书目 | |
| 330 | @a本书介绍了Linux的概况、安装与删除Linux、X Window图形化用户界面、字符界面与Shell、用户和组群管理、文件系统和文件管理、进程管理与系统监视、网络基础、网络服务器等内容。 | |
| 333 | @a普通高等教育国家级精品教材 普通高等教育“十一五”国家级规划教材 “十二五”高等学校计算机教育规划教材 | |
| 606 | 0 | @aLinux操作系统@Alinux cao zuo xi tong@x高等学校@j教材 |
| 690 | @aTP316.85@v5 | |
| 690 | @aTP316.89@v4 | |
| 701 | 0 | @a谢蓉@Axie rong@4编著 |
| 801 | 0 | @aCN@b北京卓展@c20191020 |
| 905 | @b1203661-2@dTP316.85@e939=2@f2 | |
| Linux基础及应用/谢蓉编著.-第2版.-北京:中国铁道出版社,2017 |
| 224页:图;26cm |
| 使用对象:普通高等教育国家级精品教材 普通高等教育“十一五”国家级规划教材 “十二五”高等学校计算机教育规划教材 |
| ISBN 978-7-113-18548-0:CNY30.00 |
| 本书介绍了Linux的概况、安装与删除Linux、X Window图形化用户界面、字符界面与Shell、用户和组群管理、文件系统和文件管理、进程管理与系统监视、网络基础、网络服务器等内容。 |
| ● |
| 相关链接 |
|
|
|
|
正题名:Linux基础及应用
索取号:TP316.85/939=2
 
预约/预借
| 序号 | 登录号 | 条形码 | 馆藏地/架位号 | 状态 | 备注 |
| 1 | 1203661 | 212036615 | 第二样本阅览室/ [索取号:TP316.85/939=2] | 在馆 | |
| 2 | 1203662 | 212036624 | 第三借阅区/ [索取号:TP316.85/939=2] | 在馆 |